000 00700nam a2200229Ia 4500
003 OSt
005 20221007064420.0
006 a|||||r|||| 00| 0
007 ta
008 221006b |||||||| |||| 00| 0 eng d
024 _a35,523
037 _cReference Collections
040 _aFLL
_cFLL
_beng
041 _2eng
_aeng
110 _aGovt. of India , Ministry of law, justice and company affairs
_9685757
245 0 _a1st Oct., 2003)
260 _aDelhi
_bConroller of Publication , Govt. of India India
_c2003
300 _a293p
_ccm.
700 _aGovt. of India , Ministry of law, justice and company affairs
_9685758
942 _cREF
_2CC
999 _c1133970
_d1133970